|
|
|
|
| LEADER |
01529nam a2200409Ia 4500 |
| 001 |
EBC875919 |
| 003 |
MiAaPQ |
| 005 |
20200520144314.0 |
| 006 |
m o d | |
| 007 |
cr cn||||||||| |
| 008 |
120618s2012 nju s 001 0 eng d |
| 010 |
|
|
|z 2012023249
|
| 020 |
|
|
|z 9781118316672 (cloth)
|
| 020 |
|
|
|a 9781118316641 (electronic bk.)
|
| 020 |
|
|
|a 9781118316658 (electronic bk.)
|
| 035 |
|
|
|a (MiAaPQ)EBC875919
|
| 035 |
|
|
|a (Au-PeEL)EBL875919
|
| 035 |
|
|
|a (CaPaEBR)ebr10602134
|
| 035 |
|
|
|a (CaONFJC)MIL391628
|
| 035 |
|
|
|a (OCoLC)795909525
|
| 040 |
|
|
|a MiAaPQ
|c MiAaPQ
|d MiAaPQ
|
| 050 |
|
4 |
|a HG6024.A3
|b G74 2012
|
| 082 |
0 |
4 |
|a 332.64/57
|2 23
|
| 100 |
1 |
|
|a Gregory, Jon,
|c Ph. D.
|
| 245 |
1 |
0 |
|a Counterparty credit risk and credit value adjustment
|h [electronic resource] :
|b a continuing challenge for global financial markets /
|c Jon Gregory.
|
| 250 |
|
|
|a 2nd ed.
|
| 260 |
|
|
|a Hoboken, NJ :
|b Wiley,
|c 2012.
|
| 300 |
|
|
|a xxii, 457 p.
|
| 500 |
|
|
|a Rev. ed. of: Counterparty credit risk. c2010.
|
| 500 |
|
|
|a Includes index.
|
| 533 |
|
|
|a Electronic reproduction. Ann Arbor, MI : ProQuest, 2015. Available via World Wide Web. Access may be limited to ProQuest affiliated libraries.
|
| 650 |
|
0 |
|a Derivative securities
|x Mathematical models.
|
| 650 |
|
0 |
|a Risk management.
|
| 655 |
|
4 |
|a Electronic books.
|
| 700 |
1 |
|
|a Gregory, Jon,
|c Ph. D.
|t Counterparty credit risk.
|
| 710 |
2 |
|
|a ProQuest (Firm)
|
| 856 |
4 |
0 |
|u https://ebookcentral.proquest.com/lib/matrademy/detail.action?docID=875919
|z Click to View
|